Amar-Smriti: Archaeology and heritage: Prof Amar Singh felicitation volume (Record no. 394887)

MARC details
000 -LEADER
fixed length control field 00561 a2200193 4500
005 - DATE & TIME
control field 20260214110154.0
008 - FIXED-LENGTH DATA ELEMENTS--GENERAL INFORMATION
fixed length control field 260212b |||||||| |||| 00| 0 eng d
020 ## - ISBN
International Standard Book Number 9789348309112
Price Rs. 5500.00
040 ## - CATALOGING SOURCE
Original cataloging agency VIVEKANANDA LIBRARY
082 ## - DDC NUMBER
Classification number 930.10954
Book Number A51P:A
100 ## - MAIN ENTRY--PERSONAL NAME
Personal name Parmar, Narender
245 ## - TITLE STATEMENT
Title Amar-Smriti: Archaeology and heritage: Prof Amar Singh felicitation volume
260 ## - PUBLICATION, DISTRIBUTION, ETC. (IMPRINT)
Name of publisher, distributor, etc Research India Press
Date of publication, distribution, etc 2025
Place of publication, distribution, etc New Delhi
300 ## - PHYSICAL DESCRIPTION
Pages xxviii, 296
650 ## - Subject
Subject Archaeology
650 ## - Subject
Subject Historical- Critical Treatment
650 ## - Subject
Subject India
942 ## - ADDED ENTRY ELEMENTS (KOHA)
Koha item type Books
Holdings
Withdrawn status Lost status Source of classification or shelving scheme Damaged status Not for loan Location (home branch) Sublocation or collection (holding branch) Shelving location Date acquired Koha issues (times borrowed) Koha full call number Accession No. Koha date last seen Koha item type
    Dewey Decimal Classification     VIVEKANANDA LIBRARY VIVEKANANDA LIBRARY Vivekananda Library 22/01/2026   930.10954 444492 22/01/2026 Books
© Designed and Maintained by Vivekananda Library, MDU Rohtak